[Event "S.T.Lee Cup"]
[Site "Beijing"]
[Date "1995.08.23"]
[Round "1"]
[White "Wang Wenhao"]
[Black "Tong Yuanming"]
[Result "1/2-1/2"]
[WhiteElo "2350"]
[BlackElo "2485"]

1. e4 e6 2. d4 d5 3. exd5 exd5 4. Bd3 Bd6 5. Nf3 Ne7 6. O-O Nbc6 7. Bg5 Bg4
8. c3 f6 9. Bh4 Qd7 10. Bg3 O-O-O 11. Bxd6 Qxd6 1/2-1/2

[Event "S.T.Lee Cup"]
[Site "Beijing"]
[Date "1995.08.23"]
[Round "1"]
[White "Ye Rongguang"]
[Black "Zhu Chunhui"]
[Result "1-0"]
[WhiteElo "2505"]
[BlackElo "2350"]

1. d4 Nf6 2. Nf3 g6 3. Bg5 Bg7 4. Nbd2 O-O 5. c3 d6 6. e4 h6 7. Bh4 Nbd7 8.
Bc4 e5 9. O-O g5 10. Bg3 Nh5 11. Nxe5 dxe5 12. Qxh5 exd4 13. cxd4 Nf6 14.
Qe2 Qxd4 15. Bxc7 Bg4 16. Qe3 Qxe3 17. fxe3 Be6 18. Bxe6 fxe6 19. h3 Rac8
20. Bd6 Rfd8 21. e5 Nd5 22. Rf3 Rc2 23. Nb3 Rxb2 24. Nd4 Re8 25. a3 Nb6 26.
Rc1 Nd5 27. Rc5 Rd2 28. Nb5 b6 29. Rc6 Rb2 30. Nc7 Nxc7 31. Rxc7 Rb5 32.
Rff7 Bxe5 33. Bxe5 Rxe5 34. Rg7+ Kh8 35. Rh7+ Kg8 36. Rcg7+ Kf8 37. Rxa7
Kg8 38. Kf2 Rc8 39. Rhg7+ Kh8 40. Rge7 b5 41. Kf3 h5 42. e4 Rec5 43. Rh7+
Kg8 44. Rxh5 Rf8+ 45. Kg3 Rf7 46. Ra8+ Kg7 47. Ra5 Rf1 48. Ra7+ Kg6 49.
Rah7 Kf6 50. R7h6+ Kf7 51. Kh2 Rf4 52. Rh7+ Kf6 53. R5h6+ Ke5 54. Rg7 Kxe4
55. Rxe6+ Kd4 56. Rd7+ Kc4 57. Rde7 Kb3 58. Re3+ Kb2 59. Rg3 Rf2 60. Re4
Rd2 61. Rb4+ Ka2 62. Rbg4 Rdd5 63. Re4 Rd2 64. Rb4 Rf5 65. a4 bxa4 66.
Rxa4+ Kb2 67. Rc4 Re5 68. Rc8 Rd4 69. Rcc3 Rf5 70. Rcf3 1-0

[Event "S.T.Lee Cup"]
[Site "Beijing"]
[Date "1995.08.23"]
[Round "1"]
[White "Wang Zili"]
[Black "Xia Yu"]
[Result "1-0"]
[WhiteElo "2525"]
[BlackElo "2325"]

1. e4 e6 2. d4 d5 3. Nc3 Bb4 4. e5 Ne7 5. a3 Bxc3+ 6. bxc3 c5 7. h4 Bd7 8.
a4 Qa5 9. Bd2 Nbc6 10. h5 h6 11. Nf3 O-O-O 12. Bb5 g5 13. O-O c4 14. Nh2
Nb8 15. Ng4 a6 16. Bxd7+ Nxd7 17. f4 Nf5 18. Qe1 Rdg8 19. Ne3 Nxe3 20. Qxe3
gxf4 21. Rxf4 Rh7 22. Qf2 Rhg7 23. Rxf7 Rxg2+ 24. Qxg2 Rxg2+ 25. Kxg2 Qd8
26. Kh3 1-0

[Event "S.T.Lee Cup"]
[Site "Beijing"]
[Date "1995.08.23"]
[Round "1"]
[White "Qi Jingxuan"]
[Black "Ye Jiangchuan"]
[Result "1-0"]
[WhiteElo "2390"]
[BlackElo "2550"]

1. e4 c5 2. Nf3 e6 3. d4 cxd4 4. Nxd4 Nc6 5. Nb5 d6 6. Bf4 e5 7. Be3 a6 8.
N5c3 Nf6 9. Bc4 Be7 10. Nd5 Nxd5 11. Bxd5 O-O 12. Nc3 Bg5 13. Qd2 Bxe3 14.
fxe3 Ne7 15. Bb3 Qb6 16. O-O-O Bg4 17. Qxd6 Qxe3+ 18. Qd2 Qb6 19. Qd6 Qe3+
20. Qd2 Qb6 21. Qd6 Nc6 22. Rd5 Qf2 23. Rd2 Qf4 24. Qc7 Rab8 25. h3 Be6 26.
Rhd1 Rfc8 27. Qb6 Nd4 28. Kb1 Bxb3 29. axb3 h6 30. Nd5 Qxe4 31. Ne7+ Kh7
32. Nxc8 Rxc8 33. Rc1 f5 34. h4 h5 35. g3 Rf8 36. Qb4 Rc8 37. Rf2 Qe3 38.
Qxb7 Rc5 39. Rcf1 e4 40. Qf7 Kh6 41. Qf8 Re5 42. b4 Kh7 43. Qf7 Kh6 44. Qc4
Kh7 45. Qc3 Qxc3 46. bxc3 Nf3 47. c4 g5 48. hxg5 Kg6 49. Rxf3 exf3 50. Rxf3
Kxg5 51. Rb3 h4 52. gxh4+ Kg4 53. b5 axb5 54. cxb5 f4 55. b6 Re8 56. b7 Rb8
57. c4 f3 58. Rb2 Kf5 59. Kc1 1-0

[Event "S.T.Lee Cup"]
[Site "Beijing"]
[Date "1995.08.23"]
[Round "1"]
[White "Stangl, M"]
[Black "Li Zunian"]
[Result "1/2-1/2"]
[WhiteElo "2560"]
[BlackElo "2400"]

1. c4 e6 2. g3 Nf6 3. Bg2 d5 4. Nf3 Be7 5. O-O O-O 6. d4 dxc4 7. Qc2 a6 8.
a4 Bd7 9. Qxc4 Bc6 10. Bg5 a5 11. Nc3 Na6 12. e3 Nd7 13. Bxe7 Qxe7 14. e4
Rfd8 15. Rfd1 Nb6 16. Qe2 Be8 17. b3 c5 18. Nb5 g6 19. Ne5 cxd4 20. Nxd4
Qc5 21. Ndf3 Rac8 22. Rxd8 Rxd8 23. Rd1 Qc7 24. Ng4 h5 25. Nf6+ Kg7 26. e5
Bc6 27. Nd4 Bxg2 28. Kxg2 Nd5 29. Nb5 Qc6 30. Kg1 Nac7 31. Nxh5+ gxh5 32.
Qxh5 Rd7 33. Qg5+ Kf8 34. Rc1 Qb6 35. Qh6+ Ke7 36. Qh4+ Ke8 37. Qh8+ Ke7
38. Nd6 Rxd6 39. exd6+ Qxd6 40. Qc8 b6 41. Rd1 1/2-1/2

[Event "S.T.Lee Cup"]
[Site "Beijing"]
[Date "1995.08.23"]
[Round "1"]
[White "Alterman, B"]
[Black "Zhang Zhong"]
[Result "1-0"]
[WhiteElo "2595"]
[BlackElo "2430"]

1. d4 f5 2. Nf3 Nf6 3. g3 g6 4. Bg2 Bg7 5. c4 O-O 6. O-O d6 7. Nc3 Qe8 8.
d5 Na6 9. Rb1 Bd7 10. b4 c5 11. a3 h6 12. Qb3 b6 13. Bb2 g5 14. e3 Qh5 15.
Nb5 Rf7 16. Rfe1 Ng4 17. Bxg7 Rxg7 18. Rb2 Qe8 19. Nc3 Qg6 20. e4 f4 21. e5
Rf8 22. Qd1 h5 23. Ne4 Bf5 24. Nexg5 Nxe5 25. Nxe5 Qxg5 26. Nf3 Qf6 27. Qd2
Bg4 28. Rb3 Rgf7 29. Nh4 Qg7 30. h3 Bf5 31. gxf4 Kh8 32. Rg3 Qf6 33. Rg5
Bh7 34. Rxh5 Rg7 35. f5 Kg8 36. Rh6 Qf7 37. Ng6 Re8 38. b5 Nb8 39. Qg5 Nd7
40. Rxh7 Rxh7 41. Nxe7+ Kf8 42. Ng6+ Kg8 43. Re6 Rg7 44. h4 Nf8 45. h5 Nh7
46. Qh4 Nf8 47. Be4 Kh7 48. Kf1 Nd7 49. f6 1-0

[Event "S.T.Lee Cup"]
[Site "Beijing"]
[Date "1995.08.24"]
[Round "2"]
[White "Zhang Zhong"]
[Black "Siepenkoetter, A"]
[Result "1-0"]
[WhiteElo "2430"]
[BlackElo "2130"]

1. e4 e6 2. d4 d5 3. Nc3 Nf6 4. Bg5 Be7 5. e5 Nfd7 6. h4 Bxg5 7. hxg5 Qxg5
8. Nh3 Qe7 9. Nf4 a6 10. Qg4 g6 11. O-O-O c5 12. Nfxd5 Qd8 13. Ne4 exd5 14.
Nd6+ Ke7 15. Qf3 Qf8 16. Qxd5 Nc6 17. Bc4 Nb4 18. Qe4 Qg7 19. Nxf7 Nb6 20.
Nxh8 Nxc4 21. d5 Nxe5 22. Rxh7 Qxh7 23. Qxe5+ Kd8 24. Qd6+ Bd7 25. Nxg6
Qh6+ 26. f4 Nxa2+ 27. Kb1 Nb4 28. Qe7+ Kc7 29. Qxc5+ Kb8 30. Ne5 Bg4 31.
Nxg4 Qxf4 32. Qd4 Qd6 33. Ne3 a5 34. Rh1 Qg3 35. Rh8+ Kc7 36. Qc5+ 1-0

[Event "S.T.Lee Cup"]
[Site "Beijing"]
[Date "1995.08.24"]
[Round "2"]
[White "Zhu Chunhui"]
[Black "Wu Shaobin"]
[Result "1/2-1/2"]
[WhiteElo "2350"]
[BlackElo "2430"]

1. e4 c6 2. d4 d5 3. Nc3 dxe4 4. Nxe4 Bf5 5. Ng3 Bg6 6. N1e2 h6 7. Nf4 Bh7
8. Bc4 Nf6 9. O-O Nbd7 10. Re1 Nb6 11. Bb3 a5 12. a3 a4 13. Ba2 Nbd5 14. c4
Nxf4 15. Bxf4 g5 16. Be5 Bg7 17. Qf3 Kf8 18. d5 c5 19. Rad1 Ne8 20. Qe3
Bxe5 21. Qxe5 Rg8 22. Bb1 Bxb1 23. Rxb1 Nd6 24. Nf5 Nxf5 25. Qxf5 Ra6 26.
Re3 Rf6 27. Qc2 Ra6 28. Rbe1 Rgg6 29. Qf5 Raf6 30. Qe5 Rb6 31. R1e2 Rgf6
32. g3 Kg7 33. Qxe7 Qxe7 34. Rxe7 Rb3 35. Rd2 Rd6 36. Rc7 b6 37. Ra7 b5 38.
cxb5 Rxb5 39. Rxa4 Kf6 40. Re4 Rb7 41. Rc4 Rb5 42. a4 Ra5 43. f3 Ke7 44.
Kf2 Rb6 45. f4 g4 46. Re4+ Kd6 47. f5 Ra7 48. Rxg4 Rab7 49. Rh4 Rxb2 50.
Rxh6+ Ke5 51. Ke2 c4 52. Rxb2 Rxb2+ 53. Ke3 Kxd5 54. a5 Rb3+ 55. Kd2 Ra3
56. a6 Ke5 57. g4 f6 58. Rh8 Rxa6 59. h3 Ra3 60. Re8+ Kf4 1/2-1/2

[Event "S.T.Lee Cup"]
[Site "Beijing"]
[Date "1995.08.24"]
[Round "2"]
[White "Ye Jiangchuan"]
[Black "Zhang Weida"]
[Result "1-0"]
[WhiteElo "2550"]
[BlackElo "2300"]

1. e4 c5 2. Nf3 d6 3. d4 cxd4 4. Nxd4 Nf6 5. Nc3 Nc6 6. Bg5 e6 7. Qd2 a6 8.
O-O-O h6 9. Be3 Bd7 10. f4 b5 11. Bd3 Qc7 12. Kb1 Na5 13. Qe1 Rc8 14. h3
Nc4 15. Bxc4 Qxc4 16. e5 dxe5 17. fxe5 Nd5 18. Nxd5 Qxd5 19. Qg3 Qe4 20.
Rd3 g5 21. Rhd1 Bg7 22. Nf3 Bc6 23. h4 g4 24. Bf4 Qg6 25. h5 Qxh5 26. Re1
Bf8 27. Nd4 Bd5 28. Rc3 Ra8 29. Rd3 Bg7 30. Nf3 Bf8 31. Nh2 Rg8 32. Qf2 Be7
33. Nf1 Qg6 34. Qd2 h5 35. Rd1 Qe4 36. g3 Qc4 37. b3 Qc6 38. Qh2 Rc8 39.
Rxd5 exd5 40. Ne3 Qc3 41. Nxd5 Qf3 42. Rd3 Qf1+ 43. Kb2 Qh3 44. Qd2 Rg6 45.
Nxe7 Kxe7 46. Bg5+ Kf8 47. Bf6 1-0

[Event "S.T.Lee Cup"]
[Site "Beijing"]
[Date "1995.08.24"]
[Round "2"]
[White "Li Zunian"]
[Black "Wang Wenhao"]
[Result "1/2-1/2"]
[WhiteElo "2400"]
[BlackElo "2350"]

1. d4 Nf6 2. c4 e6 3. g3 c5 4. d5 exd5 5. cxd5 d6 6. Nc3 g6 7. Bg2 Bg7 8.
Nf3 O-O 9. O-O Re8 10. Nd2 a6 11. a4 Nbd7 12. h3 Rb8 13. Nc4 Nb6 14. Na3
Bd7 15. e4 1/2-1/2

[Event "S.T.Lee Cup"]
[Site "Beijing"]
[Date "1995.08.24"]
[Round "2"]
[White "Mariano, N"]
[Black "Li Wenliang"]
[Result "1-0"]
[WhiteElo "2510"]
[BlackElo "2425"]

1. e4 Nf6 2. e5 Nd5 3. d4 d6 4. c4 Nb6 5. exd6 cxd6 6. Nc3 g6 7. Be3 Bg7 8.
Bd3 Nc6 9. Nge2 O-O 10. O-O Nb4 11. b3 Nxd3 12. Qxd3 Bf5 13. Qd2 e5 14.
Rad1 Qe7 15. a4 Rfd8 16. a5 Nd7 17. Nd5 Qf8 18. Nec3 a6 19. Rfe1 Rac8 20.
Na4 Be6 21. Nab6 Rb8 22. Bg5 f6 23. Nc7 Bf7 24. dxe5 Nxe5 25. Bf4 h6 26.
Be3 g5 27. Bd4 Kh7 28. f4 gxf4 29. Qxf4 Qg8 30. Ncd5 Bh5 31. Rd2 Rf8 32.
Ne7 Qf7 33. Nf5 Qg6 34. Kh1 Rbd8 35. Nd5 Qg5 36. Rf1 Bg6 37. Nc7 Rf7 38.
Ne6 Qxf4 39. Rxf4 Re8 40. Nexg7 Rxg7 41. Nxg7 Kxg7 42. Rf1 Be4 43. Bc3 Re6
44. h3 Kg6 45. Rfd1 Nf7 46. Bb4 Re5 47. Kh2 Bc6 48. Bxd6 Rxa5 49. Rd3 Ng5
50. Bc7 Rf5 51. R1d2 Ne4 52. Re2 Rf1 53. Ree3 Ng5 54. h4 Nh7 55. Rg3+ Kh5
56. Rg7 1-0

[Event "S.T.Lee Cup"]
[Site "Beijing"]
[Date "1995.08.24"]
[Round "2"]
[White "Yu Shaoteng"]
[Black "Stangl, M"]
[Result "1-0"]
[WhiteElo "2290"]
[BlackElo "2560"]

1. e4 c5 2. Nf3 e6 3. d4 cxd4 4. Nxd4 a6 5. Bd3 Bc5 6. Nb3 Ba7 7. Nc3 Nc6
8. Qe2 d6 9. Be3 b5 10. O-O Nf6 11. f4 b4 12. Nd1 e5 13. Bxa7 Rxa7 14. Ne3
O-O 15. Kh1 Re8 16. Qf2 exf4 17. Qxf4 Be6 18. Nd5 Ng4 19. Rae1 a5 20. Bb5
Nge5 21. Qf2 Rb7 22. Ba4 Rf8 23. Qg3 Kh8 24. Rd1 Ne7 25. Nxe7 Rxe7 26. Nd4
Qb6 27. Nc6 Nxc6 28. Qxd6 Kg8 29. Qxc6 Qxc6 30. Bxc6 Rc7 31. Ba4 Bxa2 32.
Rf5 Ra7 33. b3 Rc7 34. Rf2 Rfc8 35. Kg1 f5 36. Ra1 Rxc2 37. Rxa2 Rc1+ 38.
Rf1 fxe4 39. Re2 R1c2 40. Rxe4 Rb2 41. Re8+ Rxe8 42. Bxe8 1-0

[Event "S.T.Lee Cup"]
[Site "Beijing"]
[Date "1995.08.24"]
[Round "2"]
[White "Boensch, U"]
[Black "Yin, H"]
[Result "1-0"]
[WhiteElo "2560"]
[BlackElo "2350"]

1. d4 Nf6 2. c4 g6 3. Nc3 d5 4. Bg5 Ne4 5. Bh4 Nxc3 6. bxc3 Bg7 7. cxd5
Qxd5 8. e3 Qa5 9. Qd2 c5 10. Rb1 a6 11. Bd3 Nc6 12. Ne2 e6 13. Be4 O-O 14.
Bxc6 bxc6 15. Be7 Re8 16. Bxc5 e5 17. Rb2 Bg4 18. O-O Rab8 19. Ng3 h5 20.
h3 Rxb2 21. Qxb2 Be6 22. a3 exd4 23. exd4 Bc4 24. Rb1 Qd8 25. Qd2 h4 26.
Nf1 Kh7 27. Re1 Bh6 28. Qd1 Kg7 29. Nd2 Bd5 30. Rxe8 Qxe8 31. c4 Be6 32. d5
cxd5 33. Bd4+ Kg8 34. c5 Bd7 35. Nf3 Qe7 36. Qb3 Bc6 37. Qb6 Bb5 38. Qb8+
Qe8 39. Qd6 Kh7 40. Qf6 Be2 41. Ng5+ 1-0

[Event "S.T.Lee Cup"]
[Site "Beijing"]
[Date "1995.08.24"]
[Round "2"]
[White "Liang Jinrong"]
[Black "Qi Jingxuan"]
[Result "1-0"]
[WhiteElo "2450"]
[BlackElo "2390"]

1. e4 c5 2. Nf3 Nc6 3. d4 cxd4 4. Nxd4 Nf6 5. Nc3 e6 6. Ndb5 Bb4 7. a3
Bxc3+ 8. Nxc3 d5 9. exd5 Nxd5 10. Nxd5 Qxd5 11. Qxd5 exd5 12. Bf4 O-O 13.
O-O-O Be6 14. Be2 Rfd8 15. Rd2 Rd7 16. Rhd1 Rad8 17. b3 f6 18. Kb2 Kf7 19.
h4 a6 20. h5 Kg8 21. c3 Ne5 22. Be3 Rc8 23. f3 Rdc7 24. Bd4 h6 25. g4 Nf7
26. f4 Nd6 27. Bf3 Ne4 28. Rc2 b5 29. f5 Bf7 30. Re1 Re8 31. Rce2 Rce7 32.
Kc2 a5 33. Kd3 a4 34. bxa4 bxa4 35. Rb1 Rc7 36. Rb4 Rec8 37. Rc2 Rc4 38.
Rxc4 Rxc4 39. Rb2 Rc8 40. Rb4 Nd6 41. Rxa4 Nc4 42. Ke2 Ne5 43. Ra5 Nc6 44.
Rc5 Nxd4+ 45. cxd4 Ra8 46. Rc3 Kf8 47. Kd2 Ke8 48. Be2 Kd8 49. Bb5 Be8 50.
a4 Bxb5 51. axb5 Kd7 52. Rc5 Kd6 53. Kc3 Ra1 54. Rc6+ Kd7 55. Kb4 Rg1 56.
Kc5 Rxg4 57. b6 Rg1 58. Rc7+ Kd8 59. Kxd5 Rb1 60. Kc6 Rc1+ 61. Kb7 Rd1 62.
Rxg7 Rxd4 63. Kb8 Rd5 64. b7 Ra5 65. Rf7 Ra6 66. Rh7 Ra1 67. Rxh6 Ke7 68.
Rh7+ Kd6 69. Kc8 Rc1+ 70. Kd8 Rb1 71. h6 1-0

[Event "S.T.Lee Cup"]
[Site "Beijing"]
[Date "1995.08.24"]
[Round "2"]
[White "Li Shilong"]
[Black "Wang Zili"]
[Result "0-1"]
[WhiteElo "2345"]
[BlackElo "2525"]

1. e4 c5 2. Nf3 d6 3. d4 cxd4 4. Nxd4 Nf6 5. Nc3 Nc6 6. Bg5 e6 7. Qd2 Be7
8. O-O-O O-O 9. Nb3 Qb6 10. f3 Rd8 11. Be3 Qc7 12. Qf2 d5 13. exd5 Nxd5 14.
Nxd5 Rxd5 15. Rxd5 exd5 16. g4 Be6 17. Kb1 Bf6 18. Bd3 d4 19. Nxd4 Bxd4 20.
Bxd4 Qa5 21. a3 Qd5 22. c3 Rd8 23. Kc1 Nxd4 24. cxd4 Qa2 25. Bxh7+ Kf8 26.
Rd1 Bb3 27. Rd3 Rc8+ 0-1

[Event "S.T.Lee Cup"]
[Site "Beijing"]
[Date "1995.08.25"]
[Round "3"]
[White "Siepenkoetter, A"]
[Black "Zhang Weida"]
[Result "0-1"]
[WhiteElo "2130"]
[BlackElo "2300"]

1. e4 Nf6 2. e5 Nd5 3. d4 d6 4. Nf3 g6 5. Ng5 c6 6. Bc4 f6 7. Bxd5 cxd5 8.
exf6 exf6 9. O-O fxg5 10. Re1+ Kf7 11. Qf3+ Kg7 12. Nc3 Nd7 13. Nxd5 Nb6
14. Nc3 d5 15. a4 a5 16. Nb5 Be7 17. Qg3 h6 18. b3 Bf6 19. Ba3 Bf5 20. Bc5
Nc8 21. Nc7 b6 22. Nxa8 bxc5 23. dxc5 Bxa1 24. Rxa1 Re8 25. Rd1 Re2 26. Rc1
Qe7 27. Qc3+ Qf6 28. Qxa5 Rxc2 29. Re1 Be4 30. Qc7+ Ne7 31. Qg3 Rxc5 32.
Nc7 Kf7 33. Nb5 Nf5 34. Qb8 Rc2 35. f3 Rxg2+ 36. Kxg2 Nh4+ 37. Kg1 Nxf3+
38. Kf2 Nxh2+ 39. Kg1 Nf3+ 40. Kf2 Nd4+ 41. Kg1 Nf3+ 42. Kf2 Nxe1+ 43. Kxe1
Qa1+ 44. Ke2 Qb2+ 45. Ke1 Qb1+ 46. Kf2 Qc2+ 47. Ke1 Qc5 48. Ke2 g4 49. Qf4+
Bf5 50. Nd6+ Ke6 51. Nxf5 Qc2+ 52. Ke1 gxf5 53. Qxh6+ Ke5 54. Qb6 f4 55. a5
Qc1+ 56. Kf2 Qd2+ 57. Kf1 Qd1+ 58. Kf2 Qd2+ 59. Kf1 f3 60. Qc7+ Kd4 61.
Qg7+ Kd3 62. Qg6+ Kc3 63. Qc6+ Kb2 64. Qf6+ d4 0-1

[Event "S.T.Lee Cup"]
[Site "Beijing"]
[Date "1995.08.25"]
[Round "3"]
[White "Yin, H"]
[Black "Xia Yu"]
[Result "1-0"]
[WhiteElo "2350"]
[BlackElo "2325"]

1. e4 e5 2. Nf3 Nc6 3. Nc3 Nf6 4. Bb5 Bb4 5. O-O O-O 6. d3 d6 7. Bg5 Bxc3
8. bxc3 Qe7 9. Re1 Nd8 10. d4 Bg4 11. h3 Bh5 12. Bd3 Ne6 13. Be3 Nd7 14.
Rb1 b6 15. g4 Bg6 16. Qd2 Nf6 17. Bg5 h6 18. Bh4 Nf4 19. Bg3 Nxh3+ 20. Kg2
Nf4+ 21. Bxf4 exf4 22. Qxf4 Qe6 23. g5 Nh5 24. Qh4 hxg5 25. Qxg5 Qf6 26.
Qxf6 Nxf6 27. Nh4 Bh7 28. f4 Rfe8 29. f5 Re7 30. Kf3 c6 31. Re2 Rae8 32.
Rg1 Kf8 33. c4 Ng8 34. Ng2 g6 35. fxg6 fxg6 36. Nf4 Rg7 37. d5 Rf7 38. Ke3
Nf6 39. Rf2 c5 40. Ne6+ Ke7 41. Ng5 Rg7 42. e5 Nd7 43. Ne6 Rf7 44. exd6+
1-0

[Event "S.T.Lee Cup"]
[Site "Beijing"]
[Date "1995.08.25"]
[Round "3"]
[White "Lin Weiguo"]
[Black "Stangl, M"]
[Result "0-1"]
[WhiteElo "2460"]
[BlackElo "2560"]

1. d4 d5 2. c4 e6 3. Nc3 c6 4. Nf3 dxc4 5. a4 Bb4 6. e4 b5 7. Be2 Nf6 8.
Bg5 Nbd7 9. O-O h6 10. Bxf6 Nxf6 11. axb5 Bxc3 12. bxc3 cxb5 13. Qb1 a6 14.
Nd2 O-O 15. f4 Bb7 16. Bf3 Qc7 17. g3 Bc6 18. e5 Nd5 19. Bxd5 Bxd5 20. Ne4
Rfb8 21. Nc5 a5 22. g4 b4 23. Ra2 Qe7 24. h3 bxc3 25. Qc1 Rb3 26. Rc2 a4
27. Rxc3 Rxc3 28. Qxc3 a3 0-1

[Event "S.T.Lee Cup"]
[Site "Beijing"]
[Date "1995.08.25"]
[Round "3"]
[White "Li Shilong"]
[Black "Zhang Zhong"]
[Result "1-0"]
[WhiteElo "2345"]
[BlackElo "2430"]

1. e4 c6 2. d4 d5 3. Nc3 dxe4 4. Nxe4 Nd7 5. Ng5 Ngf6 6. Bc4 e6 7. Qe2 Nb6
8. Bb3 h6 9. N5f3 a5 10. a4 c5 11. Bf4 Bd6 12. Bg3 O-O 13. Ne5 cxd4 14.
O-O-O Qe7 15. Ngf3 Bd7 16. Nxd4 Bxa4 17. Ng6 fxg6 18. Qxe6+ Kh7 19. Bxd6
Qxe6 20. Bxe6 Rfe8 21. Rhe1 Bd7 22. Bf7 Rxe1 23. Rxe1 Be8 24. Ba2 Nbd5 25.
Be5 Bd7 26. c3 Re8 27. Kd2 g5 28. f3 Nf4 29. g3 N4d5 30. f4 gxf4 31. gxf4
Rc8 32. Rg1 Ne7 33. Bxf6 gxf6 34. Re1 Nc6 35. Nxc6 Bxc6 36. Re7+ Kg6 37.
Bf7+ Kg7 38. Be6+ Kf8 39. Rf7+ Ke8 40. Rxf6 Rd8+ 41. Ke3 Ke7 42. Rxh6 Rd1
43. f5 Re1+ 44. Kd4 a4 45. Bc4 Re4+ 46. Kd3 Rf4 47. f6+ 1-0

[Event "S.T.Lee Cup"]
[Site "Beijing"]
[Date "1995.08.25"]
[Round "3"]
[White "Qi Jingxuan"]
[Black "Wang Yaoyao"]
[Result "1/2-1/2"]
[WhiteElo "2390"]
[BlackElo "2445"]

1. e4 c5 2. Nf3 d6 3. c3 Nf6 4. h3 e6 5. Be2 Be7 6. O-O O-O 7. d3 Nc6 8.
Nbd2 e5 9. a3 d5 10. b4 a6 11. Bb2 Re8 12. Re1 Bf8 13. exd5 Nxd5 14. Bf1
Bf5 15. bxc5 Bxc5 16. d4 exd4 17. Rxe8+ Qxe8 18. cxd4 Ba7 19. Qb3 Qd7 20.
Nc4 Be6 21. Nfe5 Nxe5 22. Nxe5 Qe7 23. Bc4 Rd8 24. Re1 Qc7 25. Nd3 h6 26.
Nb4 Nxb4 27. Bxe6 Nc6 28. Bd5 Bxd4 29. Bxd4 Nxd4 30. Qxb7 Qxb7 31. Bxb7 Nc2
32. Rc1 Nxa3 33. Bxa6 Rd6 34. Bf1 g6 35. g3 Rd7 36. Kg2 Kg7 37. Kf3 Rb7 38.
Rc5 Nb1 39. Ke3 Re7+ 40. Kd3 Rd7+ 41. Kc2 Na3+ 42. Kc1 Rb7 43. Bd3 Rb3 44.
Kd2 Rb2+ 45. Ke3 h5 46. g4 hxg4 47. hxg4 Rb3 48. g5 Rb4 49. f3 Rb3 50. Kd4
Kf8 51. Be4 Rb2 52. Rc8+ Kg7 53. Ke5 Rb6 54. Bd5 Nb5 55. Rd8 Nc3 56. Bc4
Rc6 57. Kd4 Na4 58. Bb5 Rc2 59. Bd3 Rc7 60. Bc4 Nc5 61. Re8 Nb7 62. Rb8 Na5
1/2-1/2

[Event "S.T.Lee Cup"]
[Site "Beijing"]
[Date "1995.08.25"]
[Round "3"]
[White "Wang Wenhao"]
[Black "Ye Jiangchuan"]
[Result "1/2-1/2"]
[WhiteElo "2350"]
[BlackElo "2550"]

1. e4 c5 2. Nf3 d6 3. c3 Nf6 4. Bb5+ Bd7 5. Bxd7+ Qxd7 6. d3 e6 7. O-O Nc6
8. Re1 Be7 9. Nbd2 O-O 10. Nf1 Rac8 11. b3 Rfd8 12. c4 a6 13. Bb2 b5 14.
Qd2 Qb7 15. Ng3 a5 16. e5 dxe5 17. Nxe5 a4 18. Nxc6 Rxc6 19. Rad1 axb3 20.
axb3 bxc4 21. bxc4 Rcd6 22. Bxf6 Bxf6 23. Ne4 Rxd3 24. Nxf6+ gxf6 25. Qxd3
Rxd3 26. Rxd3 Qb4 27. Rc1 f5 28. f4 Kg7 29. h3 h5 30. h4 Kf6 31. Rcc3 Qb2
32. Rf3 Qe2 33. Kh2 Qe4 34. Rf2 Ke7 35. g3 Kf6 36. Rcc2 Kg6 37. Rfe2 Qd3
38. Red2 Qb3 39. Kg2 Kf6 40. Kh2 Ke7 41. Kg2 Kf6 42. Kh2 Kg6 43. Kg2 Kg7
44. Kh2 Kf8 45. Kg2 Ke7 46. Kh2 1/2-1/2

[Event "S.T.Lee Cup"]
[Site "Beijing"]
[Date "1995.08.25"]
[Round "3"]
[White "Yu Shaoteng"]
[Black "Mariano, N"]
[Result "1-0"]
[WhiteElo "2290"]
[BlackElo "2510"]

1. e4 c5 2. Nf3 d6 3. d4 cxd4 4. Nxd4 a6 5. Be2 e6 6. O-O Nf6 7. Nc3 b5 8.
Bf3 Nfd7 9. e5 d5 10. Re1 Nb6 11. b3 Be7 12. Bb2 O-O 13. a4 bxa4 14. Nxa4
Ra7 15. Be2 Nxa4 16. Rxa4 Bd7 17. Ra1 Qb6 18. Bd3 Nc6 19. Nxc6 Qxc6 20. Bd4
Raa8 21. Re3 f5 22. exf6 Bxf6 23. Qh5 h6 24. Be5 Bxe5 25. Qxe5 Rf6 26. Rg3
Kh8 27. Ra4 Qc5 28. Rf4 Raf8 29. Rg6 Rxg6 30. Rxf8+ Qxf8 31. Bxg6 Kg8 32.
h4 Qc8 33. Qd6 a5 34. Qe7 Kh8 35. Bf7 Kh7 36. h5 a4 37. bxa4 Bxa4 38. c3
Bd7 39. Bg6+ Kh8 40. g3 Kg8 41. g4 Kh8 42. g5 1-0

[Event "S.T.Lee Cup"]
[Site "Beijing"]
[Date "1995.08.25"]
[Round "3"]
[White "Tong Yuanming"]
[Black "Boensch, U"]
[Result "1/2-1/2"]
[WhiteElo "2485"]
[BlackElo "2560"]

1. e4 c5 2. Nf3 Nc6 3. d4 cxd4 4. Nxd4 e5 5. Nb5 d6 6. N1c3 a6 7. Na3 Be6
8. Nc4 Be7 9. Be3 Nf6 10. Nd5 Bxd5 11. exd5 Na7 12. a4 Nc8 13. Be2 O-O 14.
O-O Nd7 15. Qd2 a5 16. b4 f5 17. f3 axb4 18. Qxb4 b6 19. a5 bxa5 20. Nxa5
Bg5 21. Bf2 Qc7 22. Nc6 Ne7 23. Qc4 Nf6 24. Nxe5 Nfxd5 25. Qxc7 Nxc7 26.
Bc4+ d5 27. Bb3 Bf6 28. Rae1 Bxe5 29. Rxe5 Ng6 30. Ree1 Rfb8 31. h4 h5 32.
Bg3 f4 33. Bf2 Rb5 34. Ra1 Rxa1 35. Rxa1 Rb7 36. Ra5 Ne7 37. Bd4 Nc6 38.
Bxd5+ Nxd5 39. Rxd5 Rb1+ 40. Kh2 Rd1 41. c3 Nxd4 42. cxd4 g6 43. g4 fxg3+
44. Kxg3 Kf7 45. Rd6 Rg1+ 46. Kf4 Rh1 47. Ke5 Re1+ 48. Kf4 Rh1 49. d5 Rd1
50. Kg5 Rg1+ 51. Kh6 Rh1 52. Rxg6 Rxh4 53. Kg5 Rd4 54. Rd6 Ke7 55. Re6+ Kf7
56. Rf6+ Kg7 57. Rd6 h4 58. Rd7+ Kf8 59. Kf5 h3 60. Rh7 Rxd5+ 61. Kg4 h2
62. Rxh2 Kg7 63. f4 Ra5 64. f5 Ra1 65. Re2 Kf6 66. Re6+ Kf7 67. Rb6 Rg1+
1/2-1/2

[Event "S.T.Lee Cup"]
[Site "Beijing"]
[Date "1995.08.27"]
[Round "4"]
[White "Zhu Chunhui"]
[Black "Siepenkoetter, A"]
[Result "1-0"]
[WhiteElo "2350"]
[BlackElo "2130"]

1. e4 e6 2. d4 d5 3. Nd2 Nf6 4. e5 Nfd7 5. Bd3 c5 6. c3 Nc6 7. Ne2 cxd4 8.
cxd4 Qb6 9. Nf3 f6 10. exf6 Nxf6 11. O-O Bd6 12. b3 O-O 13. Bb2 Bd7 14. Ng3
Kh8 15. Qd2 a5 16. Qg5 Be8 17. Qh4 Ne7 18. Qh3 Bf4 19. Ba3 Rf7 20. Ne5 Bxe5
21. dxe5 Ne4 22. Bxe7 Rxe7 23. Nxe4 dxe4 24. Bxe4 h6 25. Rad1 Qc5 26. Qg3
Rc8 27. Rd6 Qa3 28. Qh4 Rec7 29. Rxe6 Bb5 30. Rxh6+ gxh6 31. Qxh6+ Kg8 32.
Bd5+ Rf7 33. Qg6+ Kh8 34. Bxf7 Qc1 35. Qf6+ 1-0

[Event "S.T.Lee Cup"]
[Site "Beijing"]
[Date "1995.08.27"]
[Round "4"]
[White "Xia Yu"]
[Black "Li Wenliang"]
[Result "1/2-1/2"]
[WhiteElo "2325"]
[BlackElo "2425"]

1. e4 c6 2. c4 d5 3. exd5 cxd5 4. d4 Nf6 5. Nc3 e6 6. Nf3 Bb4 7. Bd3 dxc4
8. Bxc4 O-O 9. O-O b6 10. Qe2 Bb7 11. a3 Bxc3 12. bxc3 Nbd7 13. Bd3 Qc7 14.
c4 Rac8 15. Bd2 Ng4 16. Bxh7+ Kxh7 17. Ng5+ Kg8 18. Qxg4 Nf6 19. Qd1 Qxc4
20. Bf4 Qd5 21. f3 Qf5 22. Nh3 Nd5 23. Bg5 Rc3 24. Re1 Rfc8 25. Qa4 R3c7
26. Bd2 a6 27. Rac1 b5 28. Qa5 Rc4 29. Nf2 Qf6 30. Rxc4 Rxc4 31. Bb4 Nf4
32. Qb6 Bd5 33. Qb8+ Kh7 34. Qe5 Rxd4 35. Qxf6 gxf6 36. Bc3 Ra4 37. Bb4 a5
38. Bd6 e5 39. Ng4 Kg6 40. Be7 Nh5 41. Ne3 Rd4 42. Rc1 Nf4 43. Rc8 Rd3 44.
Kf2 Rd2+ 45. Kf1 Be6 46. Rg8+ Kh7 47. Rb8 Re2 48. Ng4 Bc4 49. Nxf6+ Kg6 50.
g4 Rg2+ 51. Ke1 Nd3+ 52. Kf1 Nf4+ 53. Ke1 Re2+ 54. Kf1 Rc2+ 55. Kg1 Nh3+
56. Kh1 Nf2+ 1/2-1/2

[Event "S.T.Lee Cup"]
[Site "Beijing"]
[Date "1995.08.27"]
[Round "4"]
[White "Zhang Weida"]
[Black "Lin Weiguo"]
[Result "0-1"]
[WhiteElo "2300"]
[BlackElo "2460"]

1. c4 Nf6 2. Nc3 e5 3. Nf3 Nc6 4. d3 Be7 5. a3 d5 6. cxd5 Nxd5 7. Bd2 O-O
8. e3 a5 9. Be2 Nb6 10. b3 Bg4 11. Qc2 Qd7 12. O-O Rad8 13. Rfd1 Bxf3 14.
Bxf3 Qxd3 15. Qb2 Qg6 16. Nb5 e4 17. Be2 Nd5 18. Rac1 Bf6 19. Qb1 Rd7 20.
h3 h5 21. Nc3 Nxc3 22. Bxc3 Rxd1+ 23. Bxd1 Bxc3 24. Rxc3 Rd8 25. Be2 Qf6
26. Rc4 Rd2 27. Rxe4 g6 28. Re8+ Kh7 29. Bf3 Rb2 30. Qe4 Rxb3 31. Bxh5 Rxa3
32. Bf3 Rb3 33. Rc8 Rb4 34. Qc2 Ne5 35. Rxc7 Nxf3+ 36. gxf3 Qxf3 37. Qa2
Kg7 38. Qa1+ Qf6 39. Qxa5 Rb1+ 40. Kg2 Rb2 41. Qe1 b5 42. e4 Qg5+ 43. Kf1
b4 44. Qc1 Qe5 45. Qc4 Qf6 46. Qc5 b3 47. Rc8 Kh7 48. Rb8 Qf3 49. Rh8+ Kxh8
50. Qd4+ Kh7 51. Qxb2 Qh1+ 52. Ke2 Qxe4+ 53. Kd2 Qf3 54. Qd4 Qxh3 55. Qf6
Qe6 56. Qh4+ Kg7 57. Qd4+ Qf6 58. Qc5 Qf4+ 59. Kd1 b2 0-1